Brazilian Portuguese Sub1s Quiz (JKLM Bombparty) - Statistics

General Stats
  • This quiz has been taken 15 times
    14 since last reset
  • The average score is 45 of 166
Answer Stats
Prompt Answer % Correct
AKB/KBE Breakbeat
67%
APK Hapkido
67%
EXY Sexy
67%
WOK Wok
67%
NKH Ankh
50%
ONX Bronx
50%
DTS Bundts
50%
ALY/LYP/YPS Calypso
50%
NUU/UUM Continuum
50%
DLS Dirndls
50%
OVG/VG/VGA Dovga
50%
UQQ/QQ/QQA Duqqa
50%
FAH/AHR Fahrenheit
50%
IQH/QH Fiqh
50%
NUX Fondaparinux
50%
GHU Ghusl
50%
GUQ/UQI Guqin
50%
AJJ Hajj
50%
JIU Jiu-jitsu
50%
JJA Jjajangmyeon
50%
AAG Karaage
50%
AHJ/HJO Mahjong
50%
NHW Manhwa
50%
HMS Ohms
50%
AGT/GTI Ragtime
50%
KHS Sikhs
50%
SZL Szlachta
50%
AEK/EKW/KWO Taekwondo
50%
NQS/QS Tranqs
50%
UMR/MRA Umrah
50%
WUX Wuxia
50%
EGY Aegyo
33%
LZH Alzheimer
33%
ANM Anmitsu
33%
RTC Artcore
33%
OJP Bhojpuri
33%
BIW Biwa
33%
DHR/HRA Bodhran
33%
EGS Bootlegs
33%
AKC/KCO Breakcore
33%
IMG/MGA Buchimgae
33%
GGY Buggy
33%
EKI Chebureki
33%
GSA Cheongsam
33%
AWS Daws
33%
ERY Delivery
33%
IKR Dhikr
33%
NNS Dobermanns
33%
KAH Dukkah
33%
GAK Gagaku
33%
GOK Gokkun
33%
JIK Hijiki
33%
JOZ Honjozo
33%
UMS Hums
33%
HYP/YPE Hyperpop
33%
AOK Karaoke
33%
KAW/AII Kawaii
33%
KV/KVA Kvas
33%
AKG/KGE Makgeolli
33%
AKH/KHA Makhana
33%
IDV Metroidvania
33%
HTC Nightcore
33%
IQA/QAB Niqab
33%
AEB Noraebang
33%
OKO/MIY Okonomiyaki
33%
NLI Online
33%
OXY Proxy
33%
QIP Qipao
33%
QIS Qis
33%
AHS Savannahs
33%
HII Shiitake
33%
HOY/OYU Shoyu
33%
LBS Stilbs
33%
FSI Tafsir
33%
GOY Tamagoyaki
33%
BIH Tasbih
33%
OKB Tteokbokki
33%
IYO Ukiyo-e
33%
LZZ Ulzzang
33%
WIF Wifi
33%
NGQ/GQ/GQI Xiangqi
33%
YUM Yumi
33%
YUR Yuri
33%
OOI Alcoois
17%
ZAK Amazake
17%
AYR/YRA Ayran
17%
AUJ Beaujolais
17%
OUZ Bouzouki
17%
RUH Bruh
17%
UNR Bunraku
17%
ITY Commodity
17%
WLS Crawls
17%
SSF Crossfit
17%
FUK Daifuku
17%
DAK Dakimakura
17%
ASY Ecstasy
17%
RHU Erhu
17%
HUJ Gochujang
17%
LPL Googolplex
17%
NDC Grindcore
17%
GUK Gukbap
17%
UZH Guzheng
17%
GYA Gyaru
17%
UVR Hors-d'oeuvre
17%
PCH Japchae
17%
JJI Jjigae
17%
KIG Kakigori
17%
IBS Karibs
17%
ZMO Klezmorim
17%
KOT Koto
17%
KUD Kuduro
17%
KUM Kumis
17%
IVS Leitmotivs
17%
NAA Naan
17%
NEK Nekomimi
17%
HKA Okroshka
17%
KOD Oyakodon
17%
NTB Paintball
17%
IGS Pfennigs
17%
INY/NYI Pinyin
17%
ZHK Pirozhki
17%
POW Powerviolence
17%
PPY Preppy
17%
OFS Profs
17%
UTZ Putz
17%
QIA Qiang
17%
QIG Qigong
17%
LTY Royalty
17%
YET Samgyetang
17%
NPA Senpai
17%
PUK Seppuku
17%
NJS Sfenjs
17%
KYR Skyr
17%
OWC/WC/WCO Slowcore
17%
LSL Soulslike
17%
BYS Stand-bys
17%
DOK Sudoku
17%
THW Synthwave
17%
AIY Taiyaki
17%
RIY Teriyaki
17%
JRA Vajrayana
17%
ORW/RWA Vaporwave
17%
PUQ Volapuque
17%
WAB Wabi-sabi
17%
WIR Wireless
17%
WUS Wushu
17%
YAJ Yajna
17%
KUZ Yakuza
17%
NGZ/GZI Zongzi
17%
RYA Biryani
0%
YON Canyoning
0%
LYS Chantillys
0%
SKS Copydesks
0%
MBS Coulombs
0%
OCS Durocs
0%
NOK Enokitake
0%
PFS Gugelhupfs
0%
YUD Gyudon
0%
UOB Katsuobushi
0%
OUH Kouhai
0%
NEH Labneh
0%
MOY Moyashi
0%
ZHO Pirozhok
0%
KUH Shakuhachi
0%
KOY Takoyaki
0%
NKO Tankoubon
0%
No matching quizzes found
Score Distribution
Percent of People with Each Score
Percentile by Number Answered
Your Score History
You have not taken this quiz since the last reset